Statistics for Biggest Trading Partners - Italy

Click here to take the quiz!

General Stats

  • This quiz has been taken 729 times
  • The average score is 15 of 18

Answer Stats

exportsimportscountry% Correct
18.66 bil30.19 bilChina
98%
48.61 bil36.02 bilFrance
98%
58.33 bil65.79 bilGermany
98%
23.20 bil21.62 bilSpain
97%
24.87 bil12.17 bilUnited Kingdom
97%
40.87 bil15.40 bilUnited States
97%
7.44 bil11.75 bilRussia
92%
21.08 bil11.73 bilSwitzerland
92%
6.68 bilJapan
91%
9.70 bil9.19 bilAustria
90%
10.62 bil8.27 bilTurkey
87%
14.94 bil19.70 bilBelgium
86%
10.76 bil22.31 bilNetherlands
86%
12.43 bil9.66 bilPoland
86%
7.31 bil6.91 bilRomania
70%
7.05 bilCzechia
69%
5.07 bilHungary
61%
5.99 bilUnited Arab Emirates
52%

Score Distribution

Percentile by Number Answered

Percent of People with Each Score

Your Score History

You have not taken this quiz